| 000 | 01788nam a2200337 a 4500 | ||
|---|---|---|---|
| 001 | 56848 | ||
| 003 | BD-RjUL | ||
| 005 | 20211209080436.0 | ||
| 008 | 161204s1993 bg ||||| |||| 00| 0 ben d | ||
| 020 |
_a9840601288 (V-2) _c: TK 195.00 (V-2) |
||
| 020 |
_a9840601334 (V-3) _cTK 195.00 (V-3) |
||
| 035 | _a(BD-RjUL)56972 | ||
| 040 |
_aBD-RjUL _bben _cBD-RjUL _dBD-RjUL |
||
| 041 | _aben/ara | ||
| 082 |
_223 _a297.1227 _bSHT V-2-3 1993 |
||
| 100 | 1 |
_aশফী, মুফতী মুহাম্মদ _9135826 |
|
| 245 | 1 | 0 |
_aতফসীরে মা'আরেফুল-কোরআন / _cমূল: মুফতী মুহাম্মদ শফী ; অনুবাদ: মুহিউদ্দীন খান |
| 250 | _a৫ম সং. | ||
| 260 |
_aঢাকা : _bইসলামিক ফাউন্ডেশন বাংলাদেশ , _c১৯৯৩ |
||
| 300 |
_a খণ্ড ; _c২৪ সেমি. |
||
| 490 |
_aইফাবা প্রকাশনা ; _v৬৮৬/৪ : (V-2) |
||
| 490 |
_aইফাবা প্রকাশনা ; _v৬৮৭/৪ : (V-3) |
||
| 500 | _aনির্ঘণ্ট সম্বলিত | ||
| 505 | 1 | _aখণ্ড ২, সূরা আলে-ইমরান থেকে সূরা নিসা পর্যন্ত -- খণ্ড ৩, সূরা মায়িদা থেকে সূরা আ'রাফ -- | |
| 650 |
_aকোরআন _xব্যাখা _9235839 |
||
| 650 |
_aQur'an _xCommentaries _9235840 |
||
| 700 |
_aখান, মুহিউদ্দীন, অনুবাদক _9235841 |
||
| 830 |
_aইফাবা প্রকাশনা ; _v৬৮৬/৪ : (V-2) _9235842 |
||
| 830 |
_aইফাবা প্রকাশনা ; _v৬৮৭/৪ : (V-3) _9235842 |
||
| 942 |
_2ddc _cBK |
||
| 999 |
_c56848 _d56848 |
||